[Event "Uppsala GM 2019"]
[Site "Uppsala"]
[Date "2019.10.29"]
[Round "7.1"]
[White "Mirzoev, Emil"]
[Black "Kovalev, Andrei"]
[Result "*"]
[WhiteElo "2455"]
[BlackElo "2511"]
[Annotator "RC"]
[PlyCount "42"]
[EventDate "2019.10.25"]
[EventType "tourn"]
[EventCountry "SWE"]
[SourceTitle "playchess.com"]
[Source "ChessBase"]
[SourceQuality "1"]
[TimeControl "5400+30"]

1. e4 {[%emt 0:00:00]} e5 {[%emt 0:00:00]} 2. Nf3 {[%emt 0:00:09]} Nc6 {[%emt 0:00:00]} 3. Bb5 {[%emt 0:00:10]} a6 {[%emt 0:00:00]} 4. Ba4 {[%emt 0:00:11]} Nf6 {[%emt 1:32:00]} 5. O-O {[%emt 1:32:00]} Be7 {[%emt 0:00:33]} 6. Re1 {[%emt 0:00:18]} b5 {[%emt 0:00:15]} 7. Bb3 {[%emt 0:00:08]} d6 {[%emt 0:00:15]} 8. c3 {[%emt 0:00:15]} O-O {[%emt 0:00:26]} 9. d4 {[%emt 0:00:24]} Bg4 {[%emt 0:00:16]} 10. Be3 {[%emt 0:00:15]} exd4 {[%emt 0:01:09]} 11. cxd4 {[%emt 0:00:15]} Na5 {[%emt 0:00:03]} 12. Bc2 {[%emt 1:33:38]} c5 {[%emt 0:00:28]} 13. h3 {[%emt 0:00:44]} Bh5 {[%emt 0:01:25]} 14. g4 {[%emt 0:04:02]} Bg6 {[%emt 0:01:12]} 15. Nbd2 {[%emt 0:00:34]} Re8 {[%emt 0:02:37]} 16. d5 {[%emt 0:03:07]} Nd7 {[%emt 0:10:11]} 17. Nh2 {[%emt 0:05:02]} Bf6 {[%emt 0:03:03]} 18. Rb1 {[%emt 0:02:15]} Nc4 {[%emt 0:02:19]} 19. Nxc4 {[%emt 0:01:28]} bxc4 {[%emt 0:00:02]} 20. Bf4 {[%emt 0:08:49]} Bd4 {[%emt 0:05:05]} 21. Nf3 {[%emt 0:03:52]} Ne5 {[%emt 0:00:19]} *

[Event "Uppsala GM 2019"]
[Site "Uppsala"]
[Date "2019.10.29"]
[Round "7.2"]
[White "Peng, Li Min"]
[Black "Bogdanov, Egor"]
[Result "0-1"]
[WhiteElo "2454"]
[BlackElo "2409"]
[Annotator "ChessBase"]
[PlyCount "70"]
[EventDate "2019.10.25"]
[EventType "tourn"]
[EventCountry "SWE"]
[SourceTitle "playchess.com"]
[Source "ChessBase"]
[SourceQuality "1"]
[TimeControl "5400+30"]

1. d4 {[%emt 1:30:30]} Nf6 {[%emt 0:00:59]} 2. Nf3 {[%emt 0:00:00]} g6 {[%emt 0:00:26]} 3. Bg5 {[%emt 0:00:00]} Bg7 {[%emt 0:00:12]} 4. Nbd2 {[%emt 0:00:00]} O-O {[%emt 0:00:13]} 5. e4 {[%emt 0:00:00]} d6 {[%emt 0:00:38]} 6. c3 {[%emt 0:00:00]} c5 {[%emt 0:00:42]} 7. dxc5 {[%emt 0:00:00]} dxc5 {[%emt 0:00:13]} 8. Bc4 {[%emt 0:00:00]} Nc6 {[%emt 0:05:37]} 9. O-O {[%emt 0:00:00]} Qc7 {[%emt 0:03:15]} 10. Qe2 {[%emt 0:00:00]} Na5 {[%emt 0:07:45]} 11. Bd3 {[%emt 0:00:00]} h6 {[%emt 0:03:00]} 12. Bxf6 {[%emt 0:00:00]} exf6 {[%emt 0:02:19]} 13. Nc4 {[%emt 0:00:00]} Nxc4 {[%emt 0:02:56]} 14. Bxc4 {[%emt 0:00:00]} f5 {[%emt 0:02:26]} 15. exf5 {[%emt 0:00:00]} Bxf5 {[%emt 0:00:44]} 16. Rfe1 {[%emt 0:00:00]} Bf6 {[%emt 0:03:35]} 17. Bd3 {[%emt 0:00:00]} Bd7 {[%emt 0:02:38]} 18. Rad1 {[%emt 0:00:00]} Kg7 {[%emt 0:06:32]} 19. Nd2 {[%emt 0:00:00]} Rfe8 {[%emt 0:02:58]} 20. Qf3 {[%emt 0:00:00]} Be5 {[%emt 0:04:50]} 21. h3 {[%emt 0:00:00]} f5 {[%emt 0:06:51]} 22. Bc4 {[%emt 0:00:00]} Bc6 {[%emt 0:02:11]} 23. Bd5 {[%emt 0:00:00]} Bh2+ {[%emt 0:03:25]} 24. Kf1 {[%emt 0:00:00]} Rxe1+ {[%emt 0:00:13]} 25. Rxe1 {[%emt 0:00:00]} Bxd5 {[%emt 0:00:12]} 26. Qxd5 {[%emt 0:00:00]} Rd8 {[%emt 0:00:07]} 27. Qf3 {[%emt 0:00:00]} Rxd2 {[%emt 0:00:24]} 28. g3 {[%emt 0:00:00]} f4 {[%emt 0:02:08]} 29. g4 {[%emt 0:00:00]} Rxb2 {[%emt 0:01:41]} 30. Re6 {[%emt 0:00:00]} Qd7 {[%emt 0:00:23]} 31. Re5 {[%emt 0:00:00]} Qb5+ {[%emt 0:00:40]} 32. c4 {[%emt 0:00:00]} Qxc4+ {[%emt 0:00:17]} 33. Kg2 {[%emt 0:00:00]} Bg3 {[%emt 0:00:12]} 34. Re7+ {[%emt 0:00:00]} Kf6 {[%emt 0:00:13]} 35. Re4 {[%emt 0:00:00]} Rxf2+ {[%emt 0:00:09]} 0-1

[Event "Uppsala GM 2019"]
[Site "Uppsala"]
[Date "2019.10.29"]
[Round "7.4"]
[White "Wahlund, Max"]
[Black "Ernst, Thomas"]
[Result "1/2-1/2"]
[WhiteElo "2176"]
[BlackElo "2328"]
[Annotator "ChessBase"]
[PlyCount "99"]
[EventDate "2019.10.25"]
[EventType "tourn"]
[EventCountry "SWE"]
[SourceTitle "playchess.com"]
[Source "ChessBase"]
[SourceQuality "1"]
[TimeControl "5400+30"]

1. d4 {[%emt 0:00:00]} Nf6 {[%emt 0:00:00]} 2. c4 {[%emt 0:00:00]} e6 {[%emt 0:00:00]} 3. a3 {[%emt 0:00:39]} d5 {[%emt 0:03:16]} 4. e3 {[%emt 0:01:04]} dxc4 {[%emt 0:01:06]} 5. Bxc4 {[%emt 0:00:09]} a6 {[%emt 0:00:13]} 6. Nf3 {[%emt 0:00:12]} b5 {[%emt 0:00:15]} 7. Ba2 {[%emt 0:00:47]} c5 {[%emt 0:00:42]} 8. O-O {[%emt 0:01:14]} Bb7 {[%emt 0:00:17]} 9. dxc5 {[%emt 0:00:50]} Qxd1 {[%emt 0:00:07]} 10. Rxd1 {[%emt 0:00:04]} Bxc5 {[%emt 0:00:10]} 11. b4 {[%emt 0:00:51]} Be7 {[%emt 0:06:23]} 12. Bb2 {[%emt 0:00:26]} Nbd7 {[%emt 0:00:23]} 13. Nbd2 {[%emt 0:02:37]} O-O {[%emt 0:02:48]} 14. Nb3 {[%emt 0:03:12]} Rac8 {[%emt 0:07:51]} 15. Nbd4 {[%emt 0:02:05]} Rfd8 {[%emt 0:11:02]} 16. Rac1 {[%emt 0:04:48]} Rxc1 {[%emt 0:01:17]} 17. Rxc1 {[%emt 0:00:33]} Rc8 {[%emt 0:00:37]} 18. Rxc8+ {[%emt 0:00:19]} Bxc8 {[%emt 0:00:06]} 19. Nc6 {[%emt 0:09:20]} Bd6 {[%emt 0:00:26]} 20. Bd4 {[%emt 0:00:37]} Kf8 {[%emt 0:01:27]} 21. Nfe5 {[%emt 0:04:43]} Nxe5 {[%emt 0:08:06]} 22. Nxe5 {[%emt 0:01:26]} Nd7 {[%emt 0:06:51]} 23. Nxd7+ {[%emt 0:01:08]} Bxd7 {[%emt 0:00:07]} 24. f4 {[%emt 0:01:03]} f5 {[%emt 0:08:46]} 25. Kf2 {[%emt 0:01:49]} g6 {[%emt 0:00:28]} 26. Bb3 {[%emt 0:00:17]} Ke7 {[%emt 0:00:33]} 27. Bd1 {[%emt 0:00:33]} Bc6 {[%emt 0:00:27]} 28. Bf3 {[%emt 0:07:05]} Kd7 {[%emt 0:00:12]} 29. Ke2 {[%emt 0:00:49]} Be4 {[%emt 0:02:18]} 30. Bxe4 {[%emt 0:16:03]} fxe4 {[%emt 0:00:09]} 31. Kd2 {[%emt 0:00:03]} Kc6 {[%emt 0:00:17]} 32. Kc3 {[%emt 0:00:03]} Kd5 {[%emt 0:00:13]} 33. Bg7 {[%emt 0:00:12]} Bc7 {[%emt 0:06:47]} 34. Bd4 {[%emt 0:00:48]} g5 {[%emt 0:01:07]} 35. g3 {[%emt 0:00:40]} gxf4 {[%emt 0:00:56]} 36. gxf4 {[%emt 0:09:27]} h5 {[%emt 0:04:50]} 37. Bc5 {[%emt 0:01:18]} a5 {[%emt 0:01:35]} 38. h3 {[%emt 0:01:53]} a4 {[%emt 0:03:11]} 39. Bd4 {[%emt 0:00:37]} Bd8 {[%emt 0:01:07]} 40. Bc5 {[%emt 0:04:47]} Bf6+ {[%emt 0:00:16]} 41. Kc2 {[%emt 0:00:02]} Kc4 {[%emt 0:00:16]} 42. Bb6 {[%emt 0:00:02]} Kd5 {[%emt 0:02:52]} 43. Ba7 {[%emt 0:01:14]} Kc6 {[%emt 0:01:52]} 44. Bb8 {[%emt 0:00:55]} Kd5 {[%emt 0:00:31]} 45. Ba7 {[%emt 0:00:05]} Bh4 {[%emt 0:01:39]} 46. Kc3 {[%emt 0:01:49]} Be1+ {[%emt 0:00:27]} 47. Kc2 {[%emt 0:00:05]} Kc4 {[%emt 0:00:17]} 48. Bd4 {[%emt 0:00:15]} Bg3 {[%emt 0:03:40]} 49. Be5 {[%emt 0:00:45]} Bh2 {[%emt 0:00:26]} 50. Bc3 {[%emt 0:00:32]} 1/2-1/2

[Event "Uppsala GM 2019"]
[Site "Uppsala"]
[Date "2019.10.29"]
[Round "7.5"]
[White "Kenneskog, Theodor"]
[Black "Naumkin, Igor"]
[Result "0-1"]
[WhiteElo "2278"]
[BlackElo "2385"]
[Annotator "ChessBase"]
[PlyCount "76"]
[EventDate "2019.10.25"]
[EventType "tourn"]
[EventCountry "SWE"]
[SourceTitle "playchess.com"]
[Source "ChessBase"]
[SourceQuality "1"]
[TimeControl "5400+30"]

1. d4 {[%emt 0:00:00]} Nf6 {[%emt 0:08:21]} 2. c4 {[%emt 0:00:00]} e6 {[%emt 0:00:05]} 3. Nf3 {[%emt 0:00:00]} Bb4+ {[%emt 0:00:28]} 4. Nbd2 {[%emt 0:00:00]} O-O {[%emt 0:00:14]} 5. a3 {[%emt 0:00:00]} Bxd2+ {[%emt 0:00:08]} 6. Qxd2 {[%emt 0:01:08]} b6 {[%emt 0:00:19]} 7. e3 {[%emt 0:00:05]} Bb7 {[%emt 0:00:08]} 8. Be2 {[%emt 0:00:20]} d6 {[%emt 0:00:33]} 9. O-O {[%emt 0:02:22]} Nbd7 {[%emt 0:00:17]} 10. b4 {[%emt 0:00:07]} Qe7 {[%emt 0:01:29]} 11. Bb2 {[%emt 0:00:11]} Ne4 {[%emt 0:00:34]} 12. Qc2 {[%emt 0:00:08]} f5 {[%emt 0:00:49]} 13. d5 {[%emt 0:00:21]} c5 {[%emt 0:03:58]} 14. dxc6 {[%emt 0:10:47]} Bxc6 {[%emt 0:00:58]} 15. Nd4 {[%emt 0:00:06]} Bb7 {[%emt 0:00:23]} 16. f3 {[%emt 0:00:05]} Ng5 {[%emt 0:02:04]} 17. Rad1 {[%emt 0:04:15]} a6 {[%emt 0:01:08]} 18. Qd2 {[%emt 0:06:11]} Rad8 {[%emt 0:06:28]} 19. Nb3 {[%emt 0:02:32]} Nf6 {[%emt 0:03:31]} 20. Qd4 {[%emt 0:02:32]} b5 {[%emt 0:05:23]} 21. cxb5 {[%emt 0:00:48]} axb5 {[%emt 0:00:12]} 22. Bxb5 {[%emt 0:01:16]} Qf7 {[%emt 0:05:51]} 23. Na5 {[%emt 0:03:25]} Bd5 {[%emt 0:05:47]} 24. h4 {[%emt 0:09:05]} e5 {[%emt 0:04:19]} 25. Qd3 {[%emt 0:00:22]} Nxf3+ {[%emt 0:02:19]} 26. gxf3 {[%emt 0:00:08]} Qg6+ {[%emt 0:00:19]} 27. Kh1 {[%emt 0:08:59]} Qg3 {[%emt 0:17:49]} 28. Qe2 {[%emt 0:04:26]} Rc8 {[%emt 0:04:43]} 29. Ba4 {[%emt 0:10:46]} Ba8 {[%emt 0:02:17]} 30. Rxd6 {[%emt 0:13:33]} Ne4 {[%emt 0:06:15]} 31. Rdd1 {[%emt 0:03:41]} f4 {[%emt 0:05:53]} 32. Bb3+ {[%emt 0:06:02]} Kh8 {[%emt 0:00:08]} 33. Bxe5 {[%emt 0:00:41]} fxe3 {[%emt 0:04:45]} 34. Qxe3 {[%emt 0:06:35]} Qxh4+ {[%emt 0:01:55]} 35. Kg2 {[%emt 0:02:25]} Rf5 {[%emt 0:01:16]} 36. Bxg7+ {[%emt 0:02:10]} Kxg7 {[%emt 0:00:06]} 37. Rd7+ {[%emt 0:00:03]} Kf8 {[%emt 0:01:24]} 38. f4 {[%emt 0:01:43]} Qg4+ {[%emt 0:00:45]} 0-1

[Event "Uppsala GM 2019"]
[Site "Uppsala"]
[Date "2019.10.30"]
[Round "8.1"]
[White "Kovalev, Andrei"]
[Black "Bogdanov, Egor"]
[Result "1/2-1/2"]
[WhiteElo "2511"]
[BlackElo "2409"]
[Annotator "ChessBase"]
[PlyCount "67"]
[EventDate "2019.10.25"]
[EventType "tourn"]
[EventCountry "SWE"]
[SourceTitle "playchess.com"]
[Source "ChessBase"]
[SourceQuality "1"]
[TimeControl "5400+30"]

1. Nf3 {[%emt 0:00:00]} Nf6 {[%emt 0:00:00]} 2. g3 {[%emt 0:00:00]} g6 {[%emt 0:00:00]} 3. Bg2 {[%emt 0:00:04]} Bg7 {[%emt 0:00:00]} 4. O-O {[%emt 0:00:11]} O-O {[%emt 0:00:00]} 5. d4 {[%emt 0:00:18]} d5 {[%emt 0:00:02]} 6. c4 {[%emt 0:01:36]} c6 {[%emt 0:01:28]} 7. cxd5 {[%emt 0:00:55]} cxd5 {[%emt 0:00:08]} 8. Nc3 {[%emt 0:00:16]} Ne4 {[%emt 0:01:35]} 9. Nxe4 {[%emt 0:02:13]} dxe4 {[%emt 0:00:26]} 10. Ne5 {[%emt 0:00:10]} Nd7 {[%emt 0:00:43]} 11. Nxd7 {[%emt 0:00:57]} Bxd7 {[%emt 0:00:42]} 12. Bxe4 {[%emt 0:00:30]} Bh3 {[%emt 0:00:23]} 13. Bxb7 {[%emt 0:01:08]} Rb8 {[%emt 0:00:25]} 14. Bg2 {[%emt 0:00:07]} Bxg2 {[%emt 0:00:24]} 15. Kxg2 {[%emt 0:00:04]} Bxd4 {[%emt 0:00:23]} 16. e4 {[%emt 0:01:09]} Bxb2 {[%emt 0:00:26]} 17. Bh6 {[%emt 0:00:33]} Bxa1 {[%emt 0:01:08]} 18. Qxa1 {[%emt 0:00:07]} f6 {[%emt 0:00:07]} 19. Bxf8 {[%emt 0:00:03]} Kxf8 {[%emt 0:00:09]} 20. Rd1 {[%emt 0:00:13]} Qa5 {[%emt 0:00:29]} 21. Rd5 {[%emt 0:00:39]} Qb4 {[%emt 0:00:18]} 22. Qd4 {[%emt 0:00:26]} Qxd4 {[%emt 0:00:20]} 23. Rxd4 {[%emt 0:00:04]} Rb6 {[%emt 0:00:14]} 24. Ra4 {[%emt 0:00:09]} a6 {[%emt 0:00:04]} 25. Ra5 {[%emt 0:00:09]} Kf7 {[%emt 0:00:27]} 26. Kf3 {[%emt 0:00:14]} h5 {[%emt 0:00:08]} 27. h4 {[%emt 0:00:05]} Ke6 {[%emt 0:00:14]} 28. Ke3 {[%emt 0:00:10]} Kd6 {[%emt 0:00:06]} 29. f4 {[%emt 0:00:47]} e5 {[%emt 0:00:57]} 30. fxe5+ {[%emt 0:00:06]} fxe5 {[%emt 0:00:05]} 31. Rd5+ {[%emt 0:00:03]} Ke6 {[%emt 0:00:04]} 32. Ra5 {[%emt 0:00:03]} Kd6 {[%emt 0:00:04]} 33. Rd5+ {[%emt 0:00:06]} Ke6 {[%emt 0:00:02]} 34. Ra5 {[%emt 1:33:25]} 1/2-1/2

[Event "Uppsala GM 2019"]
[Site "Uppsala"]
[Date "2019.10.30"]
[Round "8.2"]
[White "Mirzoev, Emil"]
[Black "Pavlov, Sergey"]
[Result "1/2-1/2"]
[WhiteElo "2455"]
[BlackElo "2485"]
[Annotator "ChessBase"]
[PlyCount "41"]
[EventDate "2019.10.25"]
[EventType "tourn"]
[EventCountry "SWE"]
[SourceTitle "playchess.com"]
[Source "ChessBase"]
[SourceQuality "1"]
[TimeControl "5400+30"]

1. d4 {[%emt 0:03:29]} Nf6 {[%emt 0:00:00]} 2. c4 {[%emt 0:00:17]} e6 {[%emt 0:00:01]} 3. Nc3 {[%emt 0:00:05]} Bb4 {[%emt 0:00:14]} 4. f3 {[%emt 0:00:32]} c5 {[%emt 0:00:32]} 5. d5 {[%emt 0:00:04]} O-O {[%emt 0:00:48]} 6. e4 {[%emt 0:00:49]} b5 {[%emt 0:00:32]} 7. e5 {[%emt 0:00:47]} exd5 {[%emt 0:00:54]} 8. exf6 {[%emt 0:00:07]} d4 {[%emt 0:00:11]} 9. a3 {[%emt 0:00:24]} Ba5 {[%emt 0:00:25]} 10. b4 {[%emt 0:00:17]} dxc3 {[%emt 0:00:54]} 11. bxa5 {[%emt 0:00:17]} Re8+ {[%emt 0:01:04]} 12. Kf2 {[%emt 0:00:39]} Qxf6 {[%emt 0:00:37]} 13. Qd5 {[%emt 0:00:54]} c2 {[%emt 0:00:55]} 14. Ra2 {[%emt 0:00:25]} Bb7 {[%emt 0:00:34]} 15. Qxb7 {[%emt 0:00:35]} Qd4+ {[%emt 0:00:28]} 16. Kg3 {[%emt 0:00:07]} Qe5+ {[%emt 0:00:37]} 17. Kh3 {[%emt 0:00:12]} Qh5+ {[%emt 0:00:34]} 18. Kg3 {[%emt 0:00:05]} Qe5+ {[%emt 0:00:42]} 19. Kh3 {[%emt 1:29:25]} Qh5+ {[%emt 0:00:46]} 20. Kg3 {[%emt 0:00:00]} Qe5+ {[%emt 0:00:25]} 21. Kh3 {[%emt 0:00:00]} 1/2-1/2

[Event "Uppsala GM 2019"]
[Site "Uppsala"]
[Date "2019.10.30"]
[Round "8.3"]
[White "Ernst, Thomas"]
[Black "Peng, Li Min"]
[Result "1/2-1/2"]
[WhiteElo "2328"]
[BlackElo "2454"]
[Annotator "TA"]
[PlyCount "61"]
[EventDate "2019.10.25"]
[EventType "tourn"]
[EventCountry "SWE"]
[SourceTitle "playchess.com"]
[Source "ChessBase"]
[SourceQuality "1"]

{[%evp 17,61,21,28,0,0,0,0,0,0,0,0,-35,-2,-17,-16,-14,-28,-25,-6,-6,-14,-33,-8,-10,-7,-12,-10,-13,-16,-35,-37,-33,0,0,0,0,0,0,0,0,0,0,0,0,0,0]} 1. d4 d5 2. c4 dxc4 3. Nf3 Nf6 4. e3 e6 5. Bxc4 c5 6. O-O a6 7. dxc5 Bxc5 8. Qxd8+ Kxd8 9. a3 b5 10. Ba2 {D27: Queen's Gambit Accepted: Classical main line: 7 e4!? and 7 a4} Ke7 11. b4 Bd6 12. Bb2 Bb7 13. Nbd2 Nbd7 14. Rac1 $146 ({Predecessor:} 14. Nb3 Rhc8 15. Na5 Bxf3 16. gxf3 Rc2 17. Bd4 Be5 {½-½ (75) Li,B (2363)-Estrada Nieto,J (2262) Budapest 2013}) 14... Rhc8 15. Rxc8 Rxc8 16. Rc1 Rxc1+ 17. Bxc1 Ne5 18. Nxe5 Bxe5 19. Nf3 Bd6 20. Bb2 g6 21. h3 Nd7 22. Kf1 Nb6 23. Bd4 Nc4 24. Bxc4 $1 Bxf3 $15 {[%mdl 4096] Endgame KBB-KBB} (24... bxc4 {keeps more tension.} 25. Nd2 e5 26. Bc3 Bd5 27. f3 Kd7) 25. Bb3 {The position is equal.} Bc6 (25... Be4 {seems wilder.} 26. f4 h5 27. Kf2 f6 28. g3 e5) 26. f3 f5 27. f4 Bd5 28. Bxd5 exd5 29. Ke2 Ke6 30. Kd3 Be7 31. Kc3 {Accuracy: White = 56%, Black = 70%.} 1/2-1/2

[Event "Uppsala GM 2019"]
[Site "Uppsala"]
[Date "2019.10.30"]
[Round "8.4"]
[White "Rydstrom, Tom"]
[Black "Kenneskog, Theodor"]
[Result "0-1"]
[WhiteElo "2322"]
[BlackElo "2278"]
[Annotator "NA"]
[PlyCount "144"]
[EventDate "2019.10.25"]
[EventType "tourn"]
[EventCountry "SWE"]
[SourceTitle "playchess.com"]
[Source "ChessBase"]
[SourceQuality "1"]
[TimeControl "5400+30"]

1. e4 {[%emt 0:00:29]} c5 {[%emt 0:00:00]} 2. Nf3 {[%emt 0:00:03]} d6 {[%emt 0:00:00]} 3. d4 {[%emt 0:00:03]} cxd4 {[%emt 0:00:00]} 4. Nxd4 {[%emt 0:00:03]} Nf6 {[%emt 0:00:00]} 5. Nc3 {[%emt 0:00:03]} a6 {[%emt 0:00:00]} 6. Bg5 {[%emt 0:00:02]} e6 {[%emt 0:00:06]} 7. Qf3 {[%emt 0:00:07]} h6 {[%emt 0:00:44]} 8. Be3 {[%emt 0:00:07]} Qc7 {[%emt 0:03:47] B95: Sicilian Najdorf: 6 Bg5 e6, unusual White 7th moves} 9. Bd3 {[%emt 0:05:25]} (9. O-O-O Nbd7 10. Qg3 b5 11. a3 Bb7 12. f3 Rc8 13. Kb1 h5 14. Bd3 Be7 15. Rhe1 Ne5 16. Bg5 {1-0 (50) Iotov,V (2567)-Dunlop,G (2578) GER email 2016}) 9... Nbd7 {[%emt 0:03:04]} 10. O-O {[%emt 0:06:34]} Ne5 $146 {[%emt 0:03:41]} ({Predecessor:} 10... b5 11. a3 Bb7 12. Rad1 h5 13. h3 Rc8 14. Qg3 h4 15. Qf3 Be7 16. Qe2 Kf8 17. Rfe1 Kg8 18. a4 b4 19. Na2 Qa5 20. c3 bxc3 21. Nxc3 Ne5 {½-½ (21) Gebur,T (2360)-Hudak,D (2302) ICCF email 2014}) 11. Qe2 {[%emt 0:20:42]} Be7 {[%emt 0:01:46]} 12. h3 {[%emt 0:00:35]} Bd7 {[%emt 0:13:21]} 13. f4 {[%emt 0:00:44]} Nxd3 {[%emt 0:00:06]} 14. cxd3 {[%emt 0:00:03]} Rc8 {[%emt 0:00:51]} 15. Rac1 {[%emt 0:00:39]} Qb8 {[%emt 0:00:06]} 16. Qf2 {[%emt 0:09:11]} b5 {[%emt 0:17:57]} 17. a3 {[%emt 0:00:02]} O-O {[%emt 0:01:16]} 18. Kh1 {[%emt 0:01:24]} a5 {[%emt 0:01:44]} 19. e5 $2 {[%emt 0:18:50]} (19. b4 $11) 19... dxe5 {[%emt 0:02:46]} 20. fxe5 {[%emt 0:00:01]} Qxe5 {[%emt 0:00:09]} 21. Bf4 {[%emt 0:00:10]} Qh5 {[%emt 0:01:23]} 22. Rce1 {[%emt 0:00:22]} b4 {[%emt 0:03:55]} 23. axb4 {[%emt 0:02:19]} axb4 {[%emt 0:00:02]} 24. Nce2 $19 {[%emt 0:00:48]} Nd5 {[%emt 0:12:50]} 25. Nf3 {[%emt 0:04:18]} f6 {[%emt 0:05:01]} 26. Bc1 {[%emt 0:03:25]} Qg6 {[%emt 0:04:00]} 27. Ned4 {[%emt 0:03:00]} e5 {[%emt 0:03:24]} 28. Nh4 {[%emt 0:01:03]} Qxd3 {[%emt 0:00:09]} 29. Rd1 {[%emt 0:00:04]} Qh7 {[%emt 0:10:31]} 30. Ndf5 {[%emt 0:00:31]} Bxf5 {[%emt 0:00:05]} 31. Nxf5 {[%emt 0:00:02]} Bc5 {[%emt 0:00:03]} 32. Qg3 {[%emt 0:00:26]} Nf4 {[%emt 0:00:03]} 33. Bxf4 {[%emt 0:15:21]} Qxf5 {[%emt 0:00:03]} 34. Bxh6 {[%emt 0:01:34]} Qh7 {[%emt 0:00:02]} 35. Bc1 {[%emt 0:00:28]} Rfd8 {[%emt 0:02:00]} 36. Rde1 {[%emt 0:00:03]} Kh8 {[%emt 0:02:04]} 37. Qg4 {[%emt 0:00:01]} Be7 {[%emt 0:03:22]} 38. Rf5 {[%emt 0:00:43]} g6 {[%emt 0:01:01]} 39. Rff1 {[%emt 0:00:01]} Rc6 {[%emt 0:00:47]} 40. Be3 {[%emt 0:00:53]} f5 {[%emt 0:01:02]} 41. Qe2 {[%emt 0:00:33]} Qf7 {[%emt 0:01:26]} 42. Bg1 {[%emt 0:02:09]} Rd5 {[%emt 0:02:26]} 43. Bh2 {[%emt 0:00:15]} Bf6 {[%emt 0:00:35]} 44. Qf3 {[%emt 0:01:00]} Rcd6 {[%emt 0:00:56]} 45. Qb3 {[%emt 0:00:25]} Qb7 {[%emt 0:00:09]} 46. Qf3 {[%emt 0:00:44]} Rd7 {[%emt 0:00:07]} 47. Qg3 {[%emt 0:03:40]} Kh7 {[%emt 0:00:34]} 48. Qf2 {[%emt 0:03:19]} Rd2 {[%emt 0:01:26]} 49. Re2 {[%emt 0:00:01]} Qd5 {[%emt 0:00:04]} 50. Rfe1 {[%emt 0:00:25]} b3 {[%emt 0:00:29]} 51. Bg3 {[%emt 0:00:39]} e4 {[%emt 0:01:16]} 52. Kh2 {[%emt 0:01:27]} Qd4 {[%emt 0:01:04]} 53. Rxd2 {[%emt 0:00:35]} Qxd2 {[%emt 0:00:02]} 54. Re2 {[%emt 0:00:06]} Qd4 {[%emt 0:01:25]} 55. Qf4 {[%emt 0:00:01]} Qd3 {[%emt 0:00:05]} 56. Rf2 {[%emt 0:00:51]} e3 {[%emt 0:01:07]} 57. Rf3 {[%emt 0:00:25]} Re7 {[%emt 0:00:05]} 58. h4 {[%emt 0:00:59]} Qe4 {[%emt 0:00:29]} 59. Qd6 {[%emt 0:00:01]} Qe6 {[%emt 0:01:11]} 60. Qb4 {[%emt 0:00:25]} Bxb2 {[%emt 0:00:29]} 61. h5 {[%emt 0:00:15]} e2 {[%emt 0:00:55]} 62. hxg6+ {[%emt 0:00:44]} Kxg6 {[%emt 0:00:02]} 63. Be1 {[%emt 0:00:47]} Be5+ {[%emt 0:00:18]} 64. Kg1 {[%emt 0:00:21]} b2 {[%emt 0:00:51]} 65. Rh3 {[%emt 0:00:57]} Qd6 {[%emt 0:00:54]} 66. Qb3 {[%emt 0:00:21]} Qd4+ {[%emt 0:00:36]} 67. Kh1 {[%emt 0:00:07]} Kg7 {[%emt 0:00:39]} 68. Qa3 {[%emt 0:00:45]} Qd6 {[%emt 0:00:24]} 69. Qe3 {[%emt 0:01:02]} b1=Q {[%emt 0:00:39]} 70. Qg5+ {[%emt 0:00:25]} Kf8 {[%emt 0:00:14]} 71. Qxf5+ {[%emt 0:00:15]} Rf7 {[%emt 0:00:37]} 72. Qxb1 {[%emt 0:00:33]} Rf1# {[%emt 0:00:10]} 0-1

[Event "Uppsala GM 2019"]
[Site "Uppsala"]
[Date "2019.10.30"]
[Round "8.5"]
[White "Naumkin, Igor"]
[Black "Wahlund, Max"]
[Result "1/2-1/2"]
[WhiteElo "2385"]
[BlackElo "2176"]
[Annotator "TA"]
[PlyCount "62"]
[EventDate "2019.10.25"]
[EventType "tourn"]
[EventCountry "SWE"]
[SourceTitle "playchess.com"]
[Source "ChessBase"]
[SourceQuality "1"]

{[%evp 22,62,0,-14,4,0,17,16,8,0,31,16,18,-36,-9,-22,-20,-28,0,-66,-16,-33,-13,-70,-44,-72,-65,-67,-69,-69,-70,-69,-70,-82,-89,-130,-122,-129,-123,-105,-96,-125,-31]} 1. d4 d5 2. c4 dxc4 3. Nf3 Nf6 4. e3 e6 5. Bxc4 a6 6. a4 c5 7. O-O Nc6 8. Nc3 cxd4 9. exd4 Be7 10. b3 O-O 11. Bb2 Nb4 12. Ne5 Nbd5 {D27: Queen's Gambit Accepted: Classical main line: 7 e4!? and 7 a4} (12... b6 13. f4 g6 14. Qf3 Ra7 15. Rad1 Bb7 16. Qh3 Nbd5 17. Ne2 Ba8 18. Bc1 Ne4 19. f5 exf5 20. Bh6 {0-1 (57) Boensch,U (2553)-Gerigk,E (2355) Germany 2019}) 13. Qf3 Nxc3 14. Bxc3 Nd5 {With the idea ...f6.The position is equal.} 15. Bb2 Bb4 16. Rad1 $146 ({Predecessor:} 16. Rac1 Qd6 17. Rc2 Bd7 18. Bxd5 exd5 19. Rfc1 Be6 20. h3 Ba5 21. h4 Bb6 22. h5 h6 {½-½ (21) Nedeljkovic,S-Andric,D Sarajevo 1951}) 16... Qd6 17. Qd3 (17. Bc1 $1 $11) 17... Bd7 18. f4 {[#]} b5 $1 {[%mdl 512]} 19. Bxd5 (19. axb5 axb5) 19... Qxd5 20. f5 (20. Nxd7 $11 Qxd7 21. d5) 20... exf5 {And now ...Be6 would win.} (20... bxa4 $5 {[%cal Rd7b5]} 21. Nxd7 Qxd7 $11) 21. Nxd7 Qxd7 22. Rxf5 (22. axb5 $11 Qxb5 23. Qxb5 axb5 24. Rxf5) 22... g6 23. Re5 Bd6 $36 {[%mdl 2048] Black fights for an advantage.} 24. Re4 bxa4 25. bxa4 Qxa4 26. d5 Qb5 27. Qd2 ({Don't go for} 27. Qd4 $2 Bc5 $19) 27... Rfe8 {Black is better.} 28. Rxe8+ Rxe8 29. Ba1 Qe2 30. Qxe2 Rxe2 31. Rc1 {[#] Hoping for Rc8+.} Be5 {Accuracy: White = 29%, Black = 28%.} (31... Kf8 $17 32. Rc6 Re1+ 33. Kf2 Rxa1 34. Rxd6 Ke7) 1/2-1/2

[Event "Uppsala GM 2019"]
[Site "Uppsala"]
[Date "2019.10.30"]
[Round "9.1"]
[White "Pavlov, Sergey"]
[Black "Kovalev, Andrei"]
[Result "1/2-1/2"]
[WhiteElo "2485"]
[BlackElo "2511"]
[Annotator "ChessBase"]
[PlyCount "37"]
[EventDate "2019.10.25"]
[EventType "tourn"]
[EventCountry "SWE"]
[SourceTitle "playchess.com"]
[Source "ChessBase"]
[SourceQuality "1"]
[TimeControl "5400+30"]

1. Nf3 {[%emt 0:00:00]} Nf6 {[%emt 0:00:00]} 2. c4 {[%emt 0:00:03]} g6 {[%emt 0:00:01]} 3. g3 {[%emt 0:00:18]} Bg7 {[%emt 0:00:17]} 4. Bg2 {[%emt 0:00:16]} c6 {[%emt 0:00:30]} 5. d4 {[%emt 0:00:51]} d5 {[%emt 0:00:24]} 6. cxd5 {[%emt 0:00:49]} cxd5 {[%emt 0:00:15]} 7. Nc3 {[%emt 0:00:38]} O-O {[%emt 0:02:22]} 8. O-O {[%emt 0:00:24]} Ne4 {[%emt 0:00:30]} 9. Ne5 {[%emt 0:00:20]} Nxc3 {[%emt 0:00:29]} 10. bxc3 {[%emt 0:00:11]} Nc6 {[%emt 0:00:26]} 11. Nxc6 {[%emt 0:00:54]} bxc6 {[%emt 0:00:04]} 12. Qa4 {[%emt 0:00:57]} Qb6 {[%emt 0:00:54]} 13. e4 {[%emt 0:01:09]} Ba6 {[%emt 0:01:33]} 14. Re1 {[%emt 0:01:12]} e6 {[%emt 0:00:29]} 15. Bf4 {[%emt 0:01:39]} Bb5 {[%emt 0:00:15]} 16. Qb3 {[%emt 0:00:29]} Bc4 {[%emt 0:00:29]} 17. Qa4 {[%emt 0:00:10]} Bb5 {[%emt 0:00:16]} 18. Qb3 {[%emt 0:00:11]} Bc4 {[%emt 0:00:04]} 19. Qa4 {[%emt 0:00:09]} 1/2-1/2